Catálogo

HISTORIA DEL ALMACENAMIENTO DE GRANOS EN MEXICO (Registro nro. 4388)

Detalles MARC
000 -LEADER
fixed length control field 00392nam a2200145 a 4500
001 - CONTROL NUMBER
control field 4388
005 - DATE AND TIME OF LATEST TRANSACTION
control field 20180713184251.0
008 - FIXED-LENGTH DATA ELEMENTS--GENERAL INFORMATION
fixed length control field 140415s1990 mx 000 0 spa d
041 ## - LANGUAGE CODE
Language code of text/sound track or separate title spa
082 ## - DEWEY DECIMAL CLASSIFICATION NUMBER
Classification number 631.56972
Item number HIS
245 00 - TITLE STATEMENT
Title HISTORIA DEL ALMACENAMIENTO DE GRANOS EN MEXICO
250 ## - EDITION STATEMENT
Edition statement 1a ed.
260 ## - PUBLICATION, DISTRIBUTION, ETC.
Place of publication, distribution, etc. MEXICO :
Name of publisher, distributor, etc. AND,
Date of publication, distribution, etc. 1990
650 14 - SUBJECT ADDED ENTRY--TOPICAL TERM
Topical term or geographic name entry element COSECHAS
General subdivision HISTORIA
-- MEXICO
Existencias
Withdrawn status Lost status Source of classification or shelving scheme Damaged status Not for loan Collection code Home library Current library Shelving location Date acquired Source of acquisition Inventory number Total Checkouts Full call number Barcode Date last seen Price effective from Koha item type
    Dewey Decimal Classification     General Biblioteca Karol Wojtyla Biblioteca Karol Wojtyla Sala general 03/12/2013 Compra 151000000000000000013002   631.56972 HIS 15875 05/01/2026 03/12/2013 Libro
    Dewey Decimal Classification     General Biblioteca Karol Wojtyla Biblioteca Karol Wojtyla Sala general 03/12/2013 Compra 151000000000000000013006   631.56972 HIS 18064 05/01/2026 03/12/2013 Libro
    Dewey Decimal Classification     General Biblioteca Karol Wojtyla Biblioteca Karol Wojtyla Sala general 03/12/2013 Compra 151000000000000000013005   631.56972 HIS 16348 05/01/2026 03/12/2013 Libro
    Dewey Decimal Classification     General Biblioteca Karol Wojtyla Biblioteca Karol Wojtyla Sala general 03/12/2013 Compra 151000000000000000013001   631.56972 HIS 15873 05/01/2026 03/12/2013 Libro
    Dewey Decimal Classification     General Biblioteca Karol Wojtyla Biblioteca Karol Wojtyla Sala general 03/12/2013 Compra 151000000000000000013003   631.56972 HIS 15876 05/01/2026 03/12/2013 Libro
    Dewey Decimal Classification     General Biblioteca Karol Wojtyla Biblioteca Karol Wojtyla Sala general 03/12/2013 Compra 151000000000000000013004   631.56972 HIS 16346   03/12/2013 Libro